000 00556nam a2200193Ia 4500
005 20250508160930.0
008 008 250505s9999 xx 000 0 eng d
020 _a0-201-05511-2
037 _aTextual
040 _aFEDL
_beng
_cFEDL
041 _aeng
_2eng
084 _a372.4, OTT
_qFEDL
100 _aOtto Wayne (et al...)
_9769781
245 0 _aFocused reading instruction
260 _aMassachusetts
_bAddison - Wesley Publishing Company
_c1974
300 _axiii,350p.
942 _cTEXL
_h372.4, OTT
999 _c1367475
_d1367475